Serbian-Yugoslav 1980s Music Quiz: Name the Artist - Statistics

General Stats
  • This quiz has been taken 41 times
  • The average score is 12 of 30
Answer Stats
Song Release Date Artist % Correct
Jugoslovenka 1989 Lepa Brena & Slatki Greh
80%
Dodirni mi kolena 1982 Zana
80%
Tišina 1988 Bajaga & Instruktori
74%
Sanja 1985 Alisa
69%
Boža zvani Pub 1982 Đorđe Balašević
69%
Ti si sav moj bol 1986 Ekatarina Velika
63%
Pogledaj dom svoj anđele 1985 Riblja Čorba
63%
Kraljice srca moga 1985 Šaban Šaulić
63%
Kreni prema meni 1989 Partibrejkers
54%
Ratne igre 1985 Kerber
51%
Od zlata jabuka 1987 YU Grupa
46%
Dolazim za pet minuta 1980 Generacija 5
43%
Maljčiki 1980 Idoli
40%
Nije za nju 1981 Oliver Mandić
40%
Debela devojka 1986 Električni Orgazam
37%
Miki, Miki 1983 Slađana Milošević
37%
Profesor 1980 Smak
34%
Nataša 1982 Poslednja Igra Leptira
31%
Tužno leto 1982 Toma Zdravković
29%
Kazni me 1988 Vesna Zmijanac
29%
Kao ptica na mom dlanu 1987 Piloti
26%
Voli te tvoja zver 1982 Divlji Anđeli
23%
Ona se budi 1981 Šarlo Akrobata
23%
Šizika 1983 Laki Pingvini
20%
Barakuda 1988 Viktorija
20%
Zaboravljena draga 1982 Laboratorija
14%
Bolje da nosim kratku kosu 1980 Pekinška Patka
14%
Na tvojim usnama 1989 Galija
11%
Tragovi prošlosti 1986 Van Gogh
9%
Bombarderi 1989 Bezobrazno Zeleno
6%
No matching quizzes found
Score Distribution
Percent of People with Each Score
Percentile by Number Answered
Your Score History
You have not taken this quiz